Boundary dynamics: a conceptual framework for studying landscape ecosystems (Registro nro. 10678)

Detalles MARC
000 -CABECERA
Campo de control 005360000a22001690004500
090 ## - CLASIFICACIÓN LOCAL
Colección AR
Consecutivo 01597
041 0# - IDIOMA
Código de idioma para texto/pista de sonido o título separado
100 1# - ASIENTO PRINCIPAL--NOMBRE PERSONAL
Nombre personal Wiens, John A.
245 10 - MENCION DE TITULO
Título Boundary dynamics: a conceptual framework for studying landscape ecosystems
650 14 - ASIENTO SECUNDARIO DE MATERIA - TERMINO TEMATICO
Término temático o nombre geográfico como elemento de entrada Ecología del paisaje
650 14 - ASIENTO SECUNDARIO DE MATERIA - TERMINO TEMATICO
Término temático o nombre geográfico como elemento de entrada Disturbios naturales
650 14 - ASIENTO SECUNDARIO DE MATERIA - TERMINO TEMATICO
Término temático o nombre geográfico como elemento de entrada Edafología
700 1# - ASIENTO SECUNDARIO - NOMBRE PERSONAL
Nombre personal Crawford, Clifford S.
700 1# - ASIENTO SECUNDARIO - NOMBRE PERSONAL
Nombre personal Gosz, James R.
773 1# - Item fuente:
Título OIKOS: Journal of Ecology
Especificación de materiales 911
Descripción física 3
Paginas del Articulo 421-427
Lugar, editorial y fecha de publicación 1985
Información sobre la relación 45
942 ## - ELEMENTOS ADICIONALES (KOHA)
Tipo de ítem Artículo
Existencias
Withdrawn status Lost status Damaged status No para préstamo Colección Ubicación Permanente Ubicación actual Fecha de adquisición Datos de publicación Seriada Total Checkouts Número topográfico Inventario / Código de Barras Date last seen Ejemplar Price effective from Forma de adquisición Tipo de material
      No para Préstamo Hemeroteca Bogotá Bogotá 27/02/2015 Fuera de circulación   AR 01597 011957 25/03/2015 1 25/03/2015   Artículo
      No para Préstamo Hemeroteca Bogotá Bogotá 27/02/2015 Fuera de circulación   AR 01597 011958 25/03/2015 2 25/03/2015   Artículo